Les 10 villes les plus peuplées de Taïwan sur une carte - Statistiques

Statistiques générales
  • Ce quiz a été pris 40 fois
  • Le résultat moyen est 5 sur 10
Réponses sur la Carte
Les réponses sont colorées sur une échelle allant du rouge au vert en fonction du pourcentage des utilisateurs qui les ont devinées à leur premier essai. Vous pouvez retrouver ces pourcentages ci-dessous.
 
Statistiques - réponses
Population Ville % Correct
6 671 227 Taipei (+ Nouveau Taipei)
100%
2 778 992 Kaohsiung
74%
1 885 499 Tainan
71%
2 759 887 Taichung
65%
2 136 702 Taoyuan
56%
372 019 Keelung
44%
436 220 Hsinchu
32%
269 890 Chiayi
29%
234 721 Changhua
24%
203 866 Pingtung
15%
Aucun quiz correspondant
Distribution des résultats
% des personnes avec chaque résultat
Percentile par nombre de réponses
Votre historique - résultats
Vous n’avez pas pris ce quiz